00463 2200169 4500001002100000005001700021008004100038020002100079035002500100041000700125082001200132090001800144100001300162245006400175260004200239650001200281INLIS0000000000041060:yyyyMMddHHmmss180719||||||||| | ||| |||| || |  a978-97922-3767-2 a0010-031300000004106 aid0 a641.563 a641.563 IND s0 aIndriani00aSeri quick cooking Pancake klasik dan modern : step by step aJakartabGramedia pustaka utamac2008 0aPancake